| Tag |
First Indicator |
Second Indicator |
Subfields |
| LEADER |
00000cam a2200000 4500 |
| 001 |
in00000042984 |
| 005 |
20151007064949.0 |
| 008 |
800526s1755 fr af 00010 frem |
| 010 |
|
|
|a 11034398
|
| 035 |
|
|
|a (OCoLC)06359459
|
| 035 |
|
|
|9 AAE0977AM
|
| 040 |
|
|
|a DLC
|c TXA
|d UtOrBLW
|
| 043 |
|
|
|a e-fr---
|
| 049 |
|
|
|a TXAS
|v 1 [229852]
|v 2 [229853]
|
| 050 |
0 |
0 |
|a SB435
|b .D87
|
| 100 |
1 |
|
|a Duhamel du Monceau,
|c M.,
|d 1700-1782.
|
| 245 |
1 |
0 |
|a Traite des arbres et arbustes qui se cultivent en France en pleine terre /
|c par m. Duhamel du Monceau.
|
| 264 |
|
1 |
|a Paris :
|b H. L. Guerin & L. F. Delatour,
|c 1755.
|
| 300 |
|
|
|a 2 volumes :
|b illustrations, plates (part folded) ;
|c 27 cm.
|
| 336 |
|
|
|a text
|b txt
|2 rdacontent
|
| 337 |
|
|
|a unmediated
|b n
|2 rdamedia
|
| 338 |
|
|
|a volume
|b nc
|2 rdacarrier
|
| 650 |
|
0 |
|a Trees
|z France.
|
| 650 |
|
0 |
|a Shrubs
|z France.
|
| 999 |
|
|
|a MARS
|
| 999 |
f |
f |
|s c627bd5b-c05e-3c59-9081-0ff1656d683c
|i 0768ad85-bbf4-3253-8a0f-c10e5adf2a72
|t 0
|
| 952 |
f |
f |
|p noncirc
|a Texas A&M University
|b College Station
|c Cushing Memorial Library & Archives
|d Cushing: Rare Books (Does not check out)
|t 0
|e SB435 .D87
|h Library of Congress classification
|i unmediated -- volume
|m A14800472775
|
| 952 |
f |
f |
|p noncirc
|a Texas A&M University
|b College Station
|c Cushing Memorial Library & Archives
|d Cushing: Rare Books (Does not check out)
|t 0
|e SB435 .D87
|h Library of Congress classification
|i unmediated -- volume
|m A14800472767
|
| 998 |
f |
f |
|a SB435 .D87
|s v.1-v.2
|t 0
|l Cushing: Rare Books (Does not check out)
|